000 00391pab a2200157 454500
008 180718b2006 xxu||||| |||| 00| 0 eng d
100 _aDussel, Enrique
245 _aGlobalization, organization and the ethics of liberation
260 _c2006
300 _ap.489-508.
362 _aJul
650 _aOrganizations
650 _aGlobalization
773 _aOrganization
909 _a71124
999 _c71124
_d71124